000 00299nam a22001337a 4500
008 170511b xxu||||| |||| 00| 0 eng d
020 _a9781422428887
041 _aeng
080 _a34
100 _a15
101 _aSHJ
245 _aFEDERAL CONSTITUTIONAL LAW
_cSTRANG.L.J
942 _2udc
_cBK
999 _c13231
_d13231